000 00194 a2200085 4500
020 _a9780624040040
082 _2613.2 SERF
_a613.2
_b1
100 _aSERFONTEIN, W.J
_9105944
245 _aNEW NUTRITION
999 _c779460
_d779459
942 _w438
_xLucy Nkosi
_y438
_zLucy Nkosi